Normal view
MARC view
Entry Personal Name
001 - CONTROL NUMBER
- control field: 1051393
003 - CONTROL NUMBER IDENTIFIER
- control field: OSt
005 - DATE AND TIME OF LATEST TRANSACTION
- control field: 20260121165418.0
008 - FIXED-LENGTH DATA ELEMENTS
- fixed length control field: 260121|| aca||aabn | a|a d
040 ## - CATALOGING SOURCE
- Original cataloging agency: OSt
- Transcribing agency: OSt
100 ## - HEADING--PERSONAL NAME
- Personal name: Ogenga Otunnu
670 ## - SOURCE DATA FOUND
- Source citation: Work cat.: (OSt)1617118: Ogenga Otunnu, Crisis of Legitimacy and Political Violence in Uganda, 1890 to 1979
